| 000 | 00586nam a2200193Ia 4500 | ||
|---|---|---|---|
| 005 | 20250508152914.0 | ||
| 008 | 008 250505s9999 xx 000 0 eng d | ||
| 037 | _aTextual | ||
| 040 |
_aFEDL _beng _cFEDL |
||
| 041 |
_aeng _2eng |
||
| 084 |
_a611.8, RAS _qFEDL |
||
| 100 |
_aRasmussen Andrew Theodore _9762705 |
||
| 245 | 0 | _aPrincipal nervous pathways : Neurological charts and schemas with explanatory notes | |
| 250 | _a4th | ||
| 260 |
_aNew York, USA _bThe Macmillan Company _c1957 |
||
| 300 | _a73p. | ||
| 942 |
_cTEXL _h611.8, RAS |
||
| 999 |
_c1339528 _d1339528 |
||